000 00540nam a2200169 i 4500
001 30350
003 ES-MaACL
005 20230906154159.0
007 t|
008 030124s1916 ag ||||1| spa d
100 1 _aBastianini, René.
_926364
245 1 0 _aCompendio de la gramática castellana y rudimentos de lingüística y etimología /
_cRené Bastianini.
260 _aBuenos Aires :
_b[s.n.,
_c1916] (
_fJosé Tragant)
300 _a234 p. ;
_c19 cm.
650 4 _aLengua española-
_xGramática.
_914161
852 _aES-MaACL
_jD-3104
999 _c30350
_d30350